Životné prostredie s sociálno- ekonomický rozvoji ČSSR

Bibliographic Details
Main Author: Hronský, Filip, 1921- (Author)
Format: Article
Language:Slovak
PhysicalDescription:Obr. 1.
Subjects:

MARC

LEADER 00000nab a2200000 a 4500
001 vtls000192261
003 SK-MaSNL
005 20260304225413.0
008 250422c1984 xo 0 slo
015 |a SNBRB19rr/mm-uuuuu 
035 |a CL0202374 
035 |a urn:nbn:sk:snk-abbdx1 
035 |a (urnnbn)urn:nbn:sk:snk:ar-006eoq 
035 |a (uuid)c46011b9-b70f-43a7-adfb-3d387a4c6721 
040 |a SNKBUCL  |b slo  |c SNKBUCL  |e AACR2 
041 0 |a slo 
044 |a xo  |c SK 
080 |a 504.03  |2 1981 
100 1 |a Hronský, Filip,  |d 1921-  |4 aut  |9 134794 
245 1 0 |a Životné prostredie s sociálno- ekonomický rozvoji ČSSR  |c Filip Hronský 
300 |b Obr. 1. 
650 0 7 |a životné prostredie  |2 snkbucl  |9 786 
655 7 |a články z novín a časopisov  |2 snkbucl  |9 267496 
773 0 |t Životné prostredie  |g Roč. 18, č. 4 (1984), s. 179-181 
850 |a Slovenská národná knižnica 
852 |a Slovenská národná knižnica 
954 |a odborná, vedecká literatúra pôvodná (slovenská)  |2 lita 
958 |a article15 
958 |a RK 
958 |a OND 
958 |a EUIPO 
992 |a RBX 
999 |c 3177313  |d 3179243